Statistics for Oklahoma County Seats

Click here to take the quiz!

General Stats

  • This quiz has been taken 385 times
  • The average score is 44 of 77

Answer Stats

HintAnswer% Correct
OklahomaOklahoma City
88%
TulsaTulsa
86%
MuskogeeMuskogee
83%
ClevelandNorman
82%
PayneStillwater
79%
BeaverBeaver
78%
GarfieldEnid
77%
ComancheLawton
77%
PontotocAda
75%
WoodwardWoodward
75%
KingfisherKingfisher
74%
CarterArdmore
73%
TexasGuymon
72%
OkmulgeeOkmulgee
72%
AtokaAtoka
71%
CimarronBoise City
70%
CanadianEl Reno
70%
PottawatomieShawnee
69%
WashingtonBartlesville
68%
CherokeeTahlequah
68%
BryanDurant
67%
LoganGuthrie
66%
PawneePawnee
66%
OttawaMiami
65%
NowataNowata
64%
JacksonAltus
63%
CaddoAnadarko
63%
CraigVinita
63%
WagonerWagoner
62%
CoalCoalgate
61%
RogersClaremore
60%
McCurtainIdabel
60%
OsagePawhuska
59%
GarvinPauls Valley
58%
AlfalfaCherokee
57%
GradyChickasha
57%
StephensDuncan
57%
ChoctawHugo
57%
PittsburgMcAlester
57%
CreekSapulpa
57%
BeckhamSayre
57%
DelawareJay
54%
AdairStilwell
54%
HarmonHollis
53%
LincolnChandler
52%
Le FlorePoteau
52%
McClainPurcell
52%
SequoyahSallisaw
52%
MurraySulphur
52%
WoodsAlva
50%
HarperBuffalo
50%
LoveMarietta
49%
NoblePerry
49%
McIntoshEufaula
48%
GreerMangum
48%
OkfuskeeOkemah
48%
CottonWalters
48%
MarshallMadill
47%
BlaineWatonga
47%
HughesHoldenville
46%
KayNewkirk
46%
MayesPryor
46%
CusterArapaho
44%
MajorFairview
44%
KiowaHobart
44%
DeweyTaloga
44%
GrantMedford
43%
HaskellStigler
42%
JohnstonTishomingo
42%
EllisArnett
41%
JeffersonWaurika
41%
PushmatahaAntlers
40%
TillmanFrederick
40%
SeminoleWewoka
40%
Roger MillsCheyenne
39%
LatimerWilburton
39%
WashitaCordell
31%

Score Distribution

Percentile by Number Answered

Percent of People with Each Score

Your Score History

You have not taken this quiz